Kraje Europy - Pisanie na ślepo - Statystyki

Ogólne statystyki
  • Ten quiz został rozwiązany 68 razy
  • Średni wynik to 38 z 45
Statystyki odpowiedzi
Państwa % Poprawnych
pl Polska
98%
de Niemcy
95%
ru Rosja
93%
ua Ukraina
93%
fr Francja
90%
cz Czechy
88%
fi Finlandia
88%
es Hiszpania
88%
pt Portugalia
88%
sk Slowacja
88%
al Albania
86%
lt Litwa
86%
lv Lotwa
86%
ad Andora
85%
at Austria
85%
dk Dania
85%
gr Grecja
85%
no Norwegia
85%
sm San Marino
85%
se Szwecja
85%
va Watykan
85%
it Włochy
85%
bg Bułgaria
83%
hr Chorwacja
83%
ee Estonia
83%
ie Irlandia
83%
mt Malta
83%
ro Rumunia
83%
si Slowenia
83%
hu Węgry
83%
by Białoruś
81%
ba Bośnia i Hercegowina
81%
is Islandia
81%
li Liechtenstein
81%
lu Luksemburg
81%
rs Serbia
81%
gb Wielka Brytania
81%
be Belgia
80%
nl Holandia
80%
mk Macedonia Północna
80%
ch Szwajcaria
80%
xk Kosowo
78%
me Czarnogóra
76%
md Moldawia
75%
mc Monako
73%
Nie znaleziono quizów pasujących do podanych kryteriów
Rozkład punktacji
Procent ludzi z każdym wynikiem
Percentyl według liczby udzielonych odpowiedzi
Twoja historia wyników
Nie rozwiązałeś tego quizu